000
00366nam a2200145Ia 4500
008
231129s2006||||xx |||||||||||||| ||spa||
020
_a
958-42-1563-9
040
_b
spa
082
_a
Cu863.6 V181p
100
_a
Valle Amir
245
0
_a
Las palabras y los muertos
260
_c
2006
264
_a
Planeta
942
_2
ddc
_c
BKS
999
_c
18903
_d
18903